Ram teri ganga maili /
Naren, the son of an evil industrialist falls for Ganga, a country girl but is forced by his family to abandon her when she becomes pregnant. Ganga, now an abandoned single mother, falls prey to a brothel madam who sells her to Bhagwat, who's daughter is slated go marry Naren. The final reunion...
| Corporate Authors: | , |
|---|---|
| Other Authors: | , , , , , , , |
| Format: | Video DVD |
| Language: | Hindi |
| Language Notes: | In Hindi with English subtitles. |
| Published: |
India ; New York, N.Y. :
Yash Raj Films,
2000.
|
| Series: | Forever classics.
Raj Kapoor collection. |
| Subjects: |
MARC
| Tag | First Indicator | Second Indicator | Subfields |
|---|---|---|---|
| LEADER | 00000cgm a2200000Ia 4500 | ||
| 001 | in00002585708 | ||
| 005 | 20151201150149.0 | ||
| 007 | vd cgaizu | ||
| 008 | 010925r20001985ii 170 vlhin d | ||
| 028 | 4 | 2 | |a YRD-00225 |b Yash Raj Films |
| 035 | |a (OCoLC)ocm48022891 | ||
| 035 | |a (OCoLC)48022891 | ||
| 040 | |a XLM |c XLM |d OCLCQ |d WEL |d OCLCA |d UtOrBLW | ||
| 041 | 1 | |a hin |j eng |h hin |g eng | |
| 043 | |a a-ii--- | ||
| 049 | |a TXAM | ||
| 050 | 4 | |a PN1997.H5 |b R357 2000 | |
| 090 | |a PN1995.9.F67 |b R359 2000 | ||
| 245 | 0 | 0 | |a Ram teri ganga maili / |c R.K. Films ; directed and edited by Raj Kapoor. |
| 264 | 1 | |a India ; |a New York, N.Y. : |b Yash Raj Films, |c 2000. | |
| 300 | |a 1 videodisc (170 min.) : |b sound, color ; |c 4 3/4 in. | ||
| 336 | |a two-dimensional moving image |b tdi |2 rdacontent | ||
| 337 | |a video |b v |2 rdamedia | ||
| 338 | |a videodisc |b vd |2 rdacarrier | ||
| 490 | 1 | |a Forever classics | |
| 490 | 1 | |a Raj Kapoor collection | |
| 538 | |a DVD. | ||
| 546 | |a In Hindi with English subtitles. | ||
| 511 | 0 | |a Rajiv Kapoor, Mandakini, Divya Rana, Sayeed Jaffery, Raza Murad. | |
| 508 | |a Producer, Randhir Kapoor ; music, Ravindra Jain ; screenplay, K.K. Singh ; film editor, Raj Kapoor ; story, Raj Kapoor ; film editor, Raj Kapoor ; lyrics, Ravindra Jain, Hasrat Jaipuri. | ||
| 500 | |a Originally produced as a motion picture in 1985. | ||
| 500 | |a "Exclusive interview of Rajeev Kapoor by Dharmesh Darshan"--Container. | ||
| 520 | |a Naren, the son of an evil industrialist falls for Ganga, a country girl but is forced by his family to abandon her when she becomes pregnant. Ganga, now an abandoned single mother, falls prey to a brothel madam who sells her to Bhagwat, who's daughter is slated go marry Naren. The final reunion of the lead couple takes place with the support of Naren's canny uncle. This is the last film directed by Raj Kapoor before his death. | ||
| 500 | |a Videorecording. | ||
| 600 | 1 | 0 | |a Kapūra, Rāja, |d 1924-1988 |v Interviews. |
| 650 | 0 | |a Marriage |z India |v Drama. | |
| 650 | 0 | |a Families |z India |v Drama. | |
| 650 | 0 | |a Feature films. | |
| 651 | 0 | |a India |x Social conditions |y 1947- |v Drama. | |
| 700 | 1 | |a Kapūra, Rāja, |d 1924-1988. | |
| 700 | 1 | |a Jain, Ravindra. | |
| 700 | 1 | |a Kapoor, Randhir. | |
| 700 | 1 | |a Kapoor, Rajiv. | |
| 700 | 0 | |a Mandākinī. | |
| 700 | 1 | |a Rana, Divya. | |
| 700 | 1 | |a Jaffery, Sayeed. | |
| 700 | 1 | |a Murad, Raza. | |
| 710 | 2 | |a R.K. Films. | |
| 710 | 2 | |a Yash Raj Films. | |
| 830 | 0 | |a Forever classics. | |
| 830 | 0 | |a Raj Kapoor collection. | |
| 994 | |a C0 |b TXA | ||
| 948 | |a cataloged |b h |c 2010/5/5 |d c |e blrosas |f 10:29:18 am | ||
| 999 | |a MARS | ||
| 999 | f | f | |s 54caeaa1-0ef2-37ea-a5e2-0b20ecabe9c1 |i 2449d4fc-d512-38e6-84c3-05b3f961c5f4 |t 0 |
| 952 | f | f | |p ric |a Texas A&M University |b Rellis Campus |c Joint Library Facility |d Remote Storage |t 0 |e PN1995.9.F67 R359 2000 |h Library of Congress classification |i video -- videodisc |m A14839141288 |
| 998 | f | f | |a PN1995.9.F67 R359 2000 |t 0 |l Remote Storage |